000 00495nam a2200217Ia 4500
003 OSt
005 20221005130001.0
006 a|||||r|||| 00| 0
007 ta
008 221004b |||||||| |||| 00| 0 eng d
024 _a119613
037 _cTextual
040 _aCRL
_cCRL
_beng
041 _2eng
_aeng
100 _aHennessy B C
_9637414
245 0 _aPublic Opinion
260 _c1965
650 _aPSYCHOLOGY
942 _cTEXL
_2cc
999 _c1055687
_d1055687